a short history of ancient egypt : /
محفوظ في:
المؤلف الرئيسي:
التنسيق: كتاب
اللغة: Undetermined
منشور في:
london :
chapman and hall, ltd.,
1934.
الموضوعات:
الوسوم: إضافة وسم
لا توجد وسوم, كن أول من يضع وسما على هذه التسجيلة!
رقم الطلب: DT83 .W42
| LEADER | 00577nam a2200145Ia 4500 | ||
|---|---|---|---|
| 008 | 220401s9999||||xx |||||||||||||| ||und|| | ||
| 050 | 4 | |a DT83 .W42 | |
| 100 | 1 | |a weigall, arthur e. p. brome | |
| 245 | 1 | 2 | |a a short history of ancient egypt : |b / |c arthur e. p. brome weigall. |
| 264 | 1 | |a london : |b chapman and hall, ltd., |c 1934. | |
| 300 | |a ix, 280p. Front. Xv pl. : |b map ; |c 20cm. | ||
| 650 | 1 | 4 | |a egypt history to 332 b.c.. |
| 942 | |2 lcc |c BK | ||
| 952 | |0 0 |1 0 |2 lcc |4 0 |6 DT0083 W42 |7 1 |9 39443 |a ARCE |b ARCE |d 2022-04-01 |l 0 |o DT83 .W42 |p 1003696 |r 2022-04-01 00:00:00 |w 2022-04-01 |y BK | ||
| 999 | |c 47024 |d 47024 | ||
